000 00621nam a2200241 a 4500
999 _c3470
_d3470
001 3470
003 BD-JhCC
005 20171119095341.0
008 171113s20012006ii a|||| ||a| 000 0 eng d
020 _a8187233818
035 _a(BD-JhCC)3470
040 _aBD-JhCC
_dBD-JhCC
041 _aeng
082 _a398.2
_bPYL 2006
100 _aPyle, Howard
245 _aRobin Hood And His Merry Men /
_cHoward Pyle,
260 _aNew Delhi :
_bInfinity Books,
_c2006
300 _a256 p. :
_c20 cm.
650 _aRobin Hood (Legendary Character)
650 _aAdventurer Stories
942 _2ddc
_cBK